[Event "KAZ-ch qual"]
[Site "Astana"]
[Date "2012.02.23"]
[Round "3"]
[White "Omarshayev, Bolat"]
[Black "Kassimov, Baurzhan"]
[Result "0-1"]
[WhiteElo "1872"]
[BlackElo "2270"]
[PlyCount "50"]
[EventDate "2012.02.21"]
[EventType "swiss"]
[EventRounds "9"]
[EventCountry "KAZ"]
[SourceTitle "EXT 2014"]
[Source "ChessBase"]
[SourceDate "2013.11.20"]
[SourceVersion "1"]
[SourceVersionDate "2013.11.20"]
[SourceQuality "1"]

1. d4 d6 2. c4 g6 3. Nc3 Bg7 4. e4 Nc6 5. Be3 Nf6 6. f3 0-0 7. Nge2 a6 8. Qd2 Rb8 9. 0-0-0 b5 10. Nd5 bxc4 11. Nxf6+ exf6 12. g4 Nb4 13. Nc3 c6 14. Bxc4 d5 15. Be2 a5 16. h4 Be6 17. a3 dxe4 18. fxe4 Na2+ 19. Kb1 Nxc3+ 20. Qxc3 Rb3 21. Qc1 Qb6 22. Rd3 Rc8 23. Rxb3 Qxb3 24. Bf4 Qa2+ 25. Kc2 Rd8 0-1